• 首页
  • 本馆介绍
  • 公告通知
  • 最新文献
  • 馆藏检索
  • 电子资源
  • 读者导购
  • 参考咨询
  • 我的图书馆
  • 登录
  • 详细信息显示
  • 放入我的书架
  • 预约/预借图书
  • 作者相关作品
  • 分类相关作品
  • 丛书相关作品
  • 出版社相关作品

书目信息

  • 表格格式
  • 工作单格式
  • 卡片格式
题名:
《统计学》辅导
    
 
作者: 曹毓侯 主编
分册: 第一册  
出版信息: 北京   中国展望出版社  1983
页数: 252页
开本: 21cm
丛书名:
单 册:
中图分类: C8
科图分类:
主题词: 统计学--教学参考资料
电子资源:
ISBN:
000 00637nam0 2200229 45
001 0183005679
005 20060314090032.12
010    @dCNY0.95
091    @a4271.097
100    @a19950408d1983 em y0chiy0121 ea
101 0  @achi
102    @aCN@b110000
105    @ay z 000yy
200 12 @a《统计学》辅导@Atong ji xue fu dao@h第一册@f曹毓侯主编@Fcao yu hou zhu bian
210    @a北京@c中国展望出版社@d1983
215    @a252页@d21cm
606    @a统计学@x教学参考资料
690    @aC8@v3 
701  0 @a曹毓侯@Acao yu hou@4主编
801  0 @aCN@b上海图书馆@c20060314
801  2 @aCN@bNLC@c20051227
905    @f3@b145685-687@dC8@e1:1
    
    《统计学》辅导.第一册/曹毓侯主编.-北京:中国展望出版社,1983
    252页;21cm
    
    
    ISBN :CNY0.95
    
●
相关链接 在E读中查询图书 在五车中查询图书 在当当中查询图书 在豆瓣中查询图书


正题名:《统计学》辅导     索取号:C8/1:1         预约/预借

序号 登录号 条形码 馆藏地/架位号 状态 备注
1 0109437   202204818   密集书库/ [索取号:C8/1:1] 在馆    
2 0109438   202182761   密集书库/ [索取号:C8/1:1] 在馆    
3 0145685   001143747   密集书库/ [索取号:C8/1:1] 在馆    
4 0145686   001143541   密集书库/ [索取号:C8/1:1] 在馆    
5 0145687   001143738   第一样本阅览室/ [索取号:C8/1:1] 在馆    
唐山师范学院图书馆 欢迎您!
大连网信软件有限公司© 版权所有